Riziko sociálního vyloučení matek na rodičovské dovolené a mateřská centra jako možnost řešení : absolventská práce Jana Buzková ; Vedoucí práce: Marie Vorlová
Record details
- Physical Description: 53 s.
Content descriptions
| General Note: | <a href="abs/05/buzkova_abs.pdf">přístup k plnému textu</a> |
| Bibliography, etc. Note: | bibliogr. s. 51-52 |
Available copies
- 2 of 2 copies available at Common Catalog SPOK.
Holds
- 0 current holds with 2 total copies.
Show All Copies
| Location | Call Number / Copy Notes | Barcode | Shelving Location | Status | Due Date |
|---|---|---|---|---|---|
| Jabok Library | ABP-1020 | 424480018098 | Absolventské práce | Reference | - |
| Jabok Library | ABP-1021 | 424480018097 | Depozitář - Absolv. práce | Reference | - |
Electronic resources
Version of Resource: Zobrazení plného textu
| LDR | 00840ntm a22 a 4500 | ||
|---|---|---|---|
| 001 | 10920 | ||
| 003 | CZ-PrJAB | ||
| 005 | 20120316083657.0 | ||
| 008 | 050817s2005 xr e |||| |cze | ||
| 009 | cz | ||
| 035 | . | ‡a(CONS)10920 | |
| 035 | . | ‡aKPS0014321 | |
| 041 | 0 | . | ‡acze |
| 100 | 1 | 1. | ‡711515 ‡aBuzková, Jana |
| 110 | 2. | ‡aJABOK - Vyšší sociálně pedagogická a teologická škola | |
| 245 | 1 | . | ‡aRiziko sociálního vyloučení matek na rodičovské dovolené a mateřská centra jako možnost řešení : ‡babsolventská práce ‡cJana Buzková ; Vedoucí práce: Marie Vorlová |
| 260 | . | ‡aPraha ‡c2005 | |
| 300 | . | ‡a53 s. | |
| 500 | . | ‡a<a href="abs/05/buzkova_abs.pdf">přístup k plnému textu</a> | |
| 504 | . | ‡abibliogr. s. 51-52 | |
| 653 | . | ‡asociální vyloučení ‡arodičovská dovolená ‡amateřské centrum ‡ačeská rodina ‡amateřská dovolená | |
| 700 | 1 | 1. | ‡74797 ‡aVorlová, Marie |
| 856 | 4 | 1. | ‡uhttp://knihovna.jabok.cz/abp/abs/05/buzkova_abs.pdf ‡yZobrazení plného textu |
| 999 | . | ‡a1020- ‡c1020- ‡i424480018098 ‡tP | |
| 999 | . | ‡a1021- ‡c1021- ‡i424480018097 ‡tP | |
| 910 | . | ‡aABG312 | |
| 901 | . | ‡a10920 ‡bUnknown ‡c10920 ‡tbiblio | |